00668nam a2200229Ia 4500008004000000020001800040041000800058082001700066100001900083245003000102260003700132300001300169650000900182650001100191650000700202650001500209690001600224700002000240906001100260999001900271952014800290210210b2011 xxu||||| |||| 00| 0 eng d a9788131604168 aeng a361.303 PIED aPIERSON (John) aDictionary of social work aJaipurbRawat Publicationsc2011 aviii,580 awork asocial aof aDictionary aSocial Work aTHOMAS (Martin) a066053 c146780d146780 001040738Social WorkaALbALcRSd2021-02-17eIntact Bookhouse Pvt Ltdg950.00l0o361.303 PIEDp066053r2021-02-17 00:00:00w2021-02-17yBK